000 01143nam a22002777a 4500
999 _c117239
_d117239
003 dpl
005 20180924145912.0
008 180906b xxu||||| |||| 00| 0 eng d
010 _aB-151326
020 _c200.00
_a8186303278
035 _aB-151326, B-151327, B-151330
037 _bCen Lib/Ret
040 _aDPL
_bHN
_c0
082 _a
_bत्रिवेदी
100 _aत्रिवेदी, क्रांति
_940
245 _aमानव मन की कहानियाँ /
_cक्रांति त्रिवेदी
246 _aManav man ki kahniyan /
_bby Kranti Trivedi
260 _a दिल्ली
_bविक्रम प्रकाशन
_c2005
270 _bदिल्ली
_aई-11/5, कृष्ण नगर
_e110051
300 _a191पृ.
_c19सेमी(सजिल्द )
650 _aहिंदी साहित्य
_970916
650 _aहिंदी साहित्य
_xकहानियां
_970917
650 _aHindi literature
_970918
650 _aHindi literature
_xstories
_970919
942 _2ddc
_cHN
_h
_mत्रिवेदी